Práca ako v oblakoch

Nové možnosti na strane mobilných koncových zariadení, aplikácií a cloudových služieb. Softvér ako služba (SaaS), dodávatelia služieb DaaS a ponuka celého virtualizovaného desktopu v cloude. Výhody a bezpečnosť.

Uložené v:
Podrobná bibliografia
Hlavný autor: Brand, Günther
Médium: Kapitola
Jazyk:Slovak
Predmet:
Tagy: Pridať tag
Žiadne tagy, Buďte prvý, kto otaguje tento záznam!

MARC

LEADER 00000naa a2200000 4500
001 0199074
005 20220725111545.2
041 0 |a slo 
044 |a SK 
245 1 0 |a Práca ako v oblakoch  |c Günther Brand 
520 |a Nové možnosti na strane mobilných koncových zariadení, aplikácií a cloudových služieb. Softvér ako služba (SaaS), dodávatelia služieb DaaS a ponuka celého virtualizovaného desktopu v cloude. Výhody a bezpečnosť. 
610 2 0 |a strediská výpočtové 
610 2 0 |a cloud computing 
610 2 0 |a centrá dátové 
610 2 0 |a služby informačné 
610 2 0 |a technológie informačné 
610 2 0 |a technológie komunikačné 
610 2 0 |a bezpečnosť informačná 
100 1 |a Brand, Günther